Michalak v Wandsworth LBC (Record no. 72377)

MARC details
000 -LEADER
fixed length control field 02050cam a2200253 4500
001 - CONTROL NUMBER
control field ABS66541
008 - FIXED-LENGTH DATA ELEMENTS--GENERAL INFORMATION
fixed length control field 030331n2003 000 0 eng u
035 ## - SYSTEM CONTROL NUMBER
System control number (Sirsi) u121784
245 ## - TITLE STATEMENT
Title Michalak v Wandsworth LBC
260 ## - PUBLICATION, DISTRIBUTION, ETC.
Date of publication, distribution, etc. 2003
490 ## - SERIES STATEMENT
Series statement Weekly Law Reports
Volume/sequential designation [2003] 1 WLR 617-643(26)
520 ## - SUMMARY, ETC.
Summary, etc. [2002] EWCA Civil 271, 6 March 2002. Respondent (M) appealed against a county court order that he give up possession of a flat to the claimant council (W). The flat was originally let to a secure tenant L, a distant relative of M. M continued to live there after L's death and claimed entitlement to possession on the grounds (1) he was a member of L's family for the purposes of the Housing Act 1985 ss87 and 113 or (2) given that s113 of the 1985 Act prevented him from qualifying as a member of L's family, his exclusion was incompatible with the European Convention on Human Rights Arts 8 and 14. "Held" appeal dismissed. S113 of the 1985 Act provides an exhaustive list of qualifying family members and M clearly was not one. Parliament did not wish to extend the privilege of possession to distant relatives. M had not been discriminated against in the manner prohibited by Art 14 of the Convention and the possession order was justified by the statutory scheme and not incompatible with the Convention. View judgment at www.courtservice.gov.uk .
590 ## - LOCAL NOTE (RLIN)
Local note ABS
650 ## - SUBJECT ADDED ENTRY--TOPICAL TERM
Topical term or geographic name entry element MICHAELAK V WANDSWORTH LBC
650 ## - SUBJECT ADDED ENTRY--TOPICAL TERM
Topical term or geographic name entry element HOUSING ACT 1985 S87
650 ## - SUBJECT ADDED ENTRY--TOPICAL TERM
Topical term or geographic name entry element HOUSING ACT 1985 S113
650 ## - SUBJECT ADDED ENTRY--TOPICAL TERM
Topical term or geographic name entry element SUCCESSION TENANCIES
650 ## - SUBJECT ADDED ENTRY--TOPICAL TERM
Topical term or geographic name entry element QUALIFYING FAMILY MEMBERS
650 ## - SUBJECT ADDED ENTRY--TOPICAL TERM
Topical term or geographic name entry element CONVENTION FOR THE PROTECTION OF HUMAN RIGHTS AND FUNDAMENTAL FREEDOMS ART 8
650 ## - SUBJECT ADDED ENTRY--TOPICAL TERM
Topical term or geographic name entry element CONVENTION FOR THE PROTECTION OF HUMAN RIGHTS AND FUNDAMENTAL FREEDOMS ART 14
690 ## - LOCAL SUBJECT ADDED ENTRY--TOPICAL TERM (OCLC, RLIN)
Topical term or geographic name as entry element LANDLORD AND TENANT-RESIDENTIAL TENANCIES-CASE LAW
856 ## - ELECTRONIC LOCATION AND ACCESS
Uniform Resource Identifier <a href="https://www.bailii.org/cgi-bin/markup.cgi?doc=/ew/cases/EWCA/Civ/2002/271.html&query=Michalak+and+v+and+Wandsworth+and+LBC&method=boolean">https://www.bailii.org/cgi-bin/markup.cgi?doc=/ew/cases/EWCA/Civ/2002/271.html&query=Michalak+and+v+and+Wandsworth+and+LBC&method=boolean</a>
Public note View the judgment free of charge at www.bailii.org
942 ## - ADDED ENTRY ELEMENTS (KOHA)
Suppress in OPAC 0
Holdings
Withdrawn status Lost status Source of classification or shelving scheme Damaged status Not for loan Home library Current library Shelving location Date acquired Total Checkouts Full call number Barcode Date last seen Copy number Price effective from Koha item type
    Dewey Decimal Classification     London London Journal article 31/03/2003   ABS66541 121784-1001 06/08/2019 1 06/08/2019 Law report